000 00618nam a2200205 a 4500
001 000024079
005 20200930022712.0
008 110118s1966 mx r 000 0 spa d
040 _aDO-SdBNP
_bspa
_cBNPHU
082 _a813.54
_bM478c
100 1 _aMcBain, Ed
_949469
245 1 4 _aLos centinelas /
_cEd McBain ; traducción Matías Cicero.
260 _aMéxico, D. F. :
_bDiana,
_c1966.
300 _a302 p. ;
_c20 cm.
534 _aThe sentries
_bSimon y Schuster
650 4 _aNovela estadounidense
_9262
650 4 _aLiteratura estadounidense
_9263
700 1 _aCicero, Matías,
_etr.
_949470
049 _aBNGR
999 _c23574
_d23574